Art '97 Galéria HB

Podrobná bibliografia
Korporatívny autor: Hoechst-Biotika (Martin, Slovensko). Galéria (Autor)
Ďalší autori: Maták, Márius, 1957- (Zostavovateľ, kompilátor, tex), Riabič, Ivan, 1952- (gup)
Médium: Kniha
Jazyk:slovenčina
Fyzický popis:[14] listov fotogr. 48x29 cm
Vydavateľské údaje: Martin Ivart 1996
ISBN:8096742647
Predmet:

MARC

LEADER 00000nam a2200000 a 4500
001 vtls001316147
003 SK-MaSNL
005 20260425224938.0
008 160415s1996 xo 0 slo
015 |a SNBG1998/01-00272 
020 |a 8096742647 
035 |a SNK000268653 
040 |a SNK  |b slo  |c SNK  |e AACR2 
041 0 |a slo 
044 |a xo  |c SK 
080 |a 73/75:069.6.02:73/76:061.7(058)"1997"  |2 1981 
080 |a 069.6.02:73/76  |2 1981 
110 2 |a Hoechst-Biotika (Martin, Slovensko).  |b Galéria  |4 aut  |9 156059 
245 1 0 |a Art '97  |h grafika  |b Galéria HB  |c zostavenie a text: Márius Maták ; design Ivan Riabič 
260 |a Martin  |b Ivart  |c 1996 
300 |a [14] listov  |b fotogr.  |c 48x29 cm 
610 2 7 |a Hoechst-Biotika (Martin, Slovensko).  |b Galéria  |2 SNKKA  |9 156059 
648 7 |a 1997  |2 SNKPH  |9 283446 
651 7 |a Martin (Slovensko)  |2 SNKPHgeo  |9 16875 
655 7 |a nástenné kalendáre  |2 SNKPH  |9 70664 
700 1 |a Maták, Márius,  |d 1957-  |4 com  |4 tex  |9 260758 
700 1 |a Riabič, Ivan,  |d 1952-  |4 gup  |9 37151 
919 |a 80-967426-4-7 
958 |a TL 
999 |c 630939  |d 632869 
952 |t P60, <09>, [BOOK], {629}  |a SNK  |b SNK  |y NEVYP  |7 0  |o snkA 2  |i snk50/980115  |0 0  |1 0  |4 0  |d 1998-01-14  |l 0  |r 2005-01-02 00:00:00  |w 2026-02-23 
952 |t P60, <03>, [BOOK], {603}  |a SNK  |b SNK  |y PREZ  |7 0  |p 17A0116478  |o snkOSA 480  |i snkKSP 274/98  |0 0  |1 0  |4 0  |d 1998-01-14  |l 0  |r 2005-01-02 00:00:00  |w 2026-02-23 
952 |t P60, <04>, [BOOK], {604}  |a SNK  |b SNK  |y VYP  |7 0  |p 17A0116479  |o snkOSA 480 D1  |i snkKSP 275/98  |0 0  |1 0  |4 0  |d 1998-01-14  |l 0  |r 2005-01-02 00:00:00  |w 2026-02-23